Pacific Rim (Movies and the Black) - Statistics

General Stats
  • This quiz has been taken 42 times
  • The average score is 11 of 81
Answer Stats
Hint Answer % Correct
2013 Movie (Jaeger) Cherno Alpha
89%
2013 Movie (Jaeger) Crimson Typhoon
77%
2013 Movie (Jaeger) Gipsy Danger
74%
2013 Movie (Jaeger) Striker Eureka
74%
2013 Movie (Kaiju) Leatherback
69%
2013 Movie (Kaiju) Otachi
60%
2013 Movie (Kaiju) Slattern
51%
2013 Movie (Kaiju) Raiju
43%
Uprising (Jaeger) Gipsy Avenger
40%
2013 Movie (Person) Mako Mori / Mako
34%
Uprising (Person) Older Mako / Mako
34%
2013 Movie (Person) Raleigh Becket / Raleigh
34%
2013 Movie (Kaiju) Scunner
31%
Uprising (Jaeger) Saber Athena
29%
Uprising (Jaeger/Kaiju) Obsidian Fury
26%
Uprising (Jaeger) Guardian Bravo
23%
2013 Movie (Person) Stacker Pentecost / General Pentecost
20%
Uprising (Jaeger) Titan Redeemer
20%
2013 Movie (Person) Chuck Hansen / Chuck / Charles
17%
Uprising (Kaiju) Onibaba
17%
The Black (Jaeger) Atlas Destroyer
14%
2013 Movie (Person) Hercules Hansen / Herc Hansen
14%
Uprising (Person) Jake Pentecost / Jake
14%
Uprising (Jaeger) November Ajax
14%
2013 Movie (Person) Yancy Becker / Yancy
14%
The Black (Jaeger/Kaiju) Apex
11%
The Black (Kaiju) Copperhead
11%
Uprising (Kaiju) Mega Kaiju / Category 6
11%
2013 Movie (Person) Newton Geiszler / Newton
11%
Uprising (Kaiju) Raijin
11%
The Black (Jaeger) Valor Omega
11%
The Black (Kaiju) Acidquill
9%
Uprising (Person) Amara Namani / Amara
9%
The Black (Kaiju) Breacher
9%
Uprising (Kaiju) Hakuja
9%
2013 Movie (Person) Herman Gottlieb / Herman
9%
Uprising (Person) Marshal Quan / Marshal
9%
The Black (Person) Taylor Travis / Taylor
9%
The Black (Kaiju) Bone spur
6%
Uprising (Jaeger/Kaiju) Drone Jaeger / Corrupt Drone / Drones
6%
2013 Movie (Person) Hannibal Chau
6%
The Black (Person) Hayley Travis / Hayley
6%
The Black (Jaeger) Hunter Vertigo
6%
The Black (Person) Mei
6%
2013 Movie (Kaiju) Precursors
6%
The Black (Kaiju) Ripper
6%
The Black (Person) Shane
6%
The Black (Jaeger) Striker Berserker
6%
The Black (Kaiju) Kaiju Boy
3%
Uprising (Person) Liwen Shao / Liwen
3%
Uprising (Person) Nate Lambert / Nate
3%
The Black (Person) Rickter
3%
Uprising (Kaiju) Rippers
3%
The Black (Person) The Sisters
3%
The Black (Person) Bogan
0%
The Black (Person) Brian Travis / Brian
0%
The Black (Jaeger) Chaos Nemesis
0%
The Black (Person) Demarcus
0%
The Black (Person) Ford Travis / Ford
0%
The Black (Kaiju) Hybrid Kaiju
0%
Uprising (Person) Ilya Zaslavsky / Ilya
0%
Uprising (Kaiju) Insurrector
0%
The Black (Person) Joel Wyrick / Joel
0%
Uprising (Person) Joseph Burke / joseph
0%
Uprising (Person) Jules Reyes / Jules
0%
The Black (Person) Loa
0%
The Black (Person) Marshal Rask
0%
Uprising (Person) Meilin Gao / Meilin
0%
Uprising (Person) Ou-Yang Jinhai / Ou-Yang
0%
The Black (Jaeger) Paladin Tornado
0%
Uprising (Person) Renata Gutierrezz / Renata
0%
The Black (Person) Root
0%
Uprising (Person) Ryoichi Hatayama / Ryoichi
0%
Uprising (Jaeger) Scuttlebug
0%
Uprising (Person) Sonny
0%
Uprising (Kaiju) Strikethorn
0%
Uprising (Person) Suresh Khuran / Shuresh
0%
Uprising (Person) Tahima Shaheen / Tahima
0%
Uprising (Person) Viktoriya Malikova / Viktoriya
0%
2013 Movie (Family) Wei Tang brothers
0%
The Black (Jaeger) Zeus
0%
No matching quizzes found
Score Distribution
Percent of People with Each Score
Percentile by Number Answered
Your Score History
You have not taken this quiz